000 00799cab a2200277 4500
001 ABS48799
008 090401t1993 xxu||||| |||| 00| 0 eng d
035 _a(Sirsi) u68578
041 _aeng
245 _aEstates Times survey : Oxfordshire
260 _c1993
350 _a0
490 _aEstates Times
_v(1192) 4 June 1993, 16-24(9)
650 _aABINGDON
650 _aBANBURY
650 _aBICESTER
650 _aINDUSTRIAL MARKET
650 _aPROPERTY-COMMERCIAL PROPERTY-OFFICE PROPERTY-OFFICE PROPERTY MARKET
650 _aOXFORD
650 _aOXFORDSHIRE
650 _aPLANNING
650 _aPROPERTY-COMMERCIAL PROPERTY-RETAIL PROPERTY-RETAIL PROPERTY MARKET
690 _aPROPERTY-COMMERCIAL PROPERTY-COMMERCIAL PROPERTY MARKET
942 _n0
948 _c04/03/1997
999 _c43027
_d43027